1277 1175 1823 1582 1046 1365 1576 1307 1122 1017 1576 1099 1319 2000 1332 1858 1548 1072 1487 1056 1221 1875 1107 1362 1272 1050 1003 1041 1505 1414 1795 1447 1303 1713 1174 1323 1190 1193 1379 1528 1935 1500 1729 1260 1582 1070 1946 1720 1036 1039 1201 1606 1560 1691 1354 1590 1798 1227 1632 1759 1162 1591 1347 1358 1743 1595 1760 1336 2000 1258 1245 1644 1938 1569 1359 1784 1157 1630 1685 1889 1385 1371 1684 1464 1734 1037 1571 1021 1552 1078 1918 1433 1236 1580 1051 1348 1951 1581 1427 BCNSPRNW ULIB Ver.6.0+V

เปลี่ยนเป็นภาษาไทย

Change to English
 แสดงรายละเอียดบรรณานุกรม
  กลับหน้าหลัก

Brief Record : Get Marc (ISO 2709) : E-mail record : QR code < ปิดหน้าต่าง
LEADER : 00000nam 2200000uu 4500
001    13399112713
003     ULIB
008    110627s2548||||th 000 0 tha d
099    วจ.QT255^bป478ป
100 0  ปริทรรศน์ วันจันทร์
245 00 ปัจจัยที่มีอิทธิพลต่อพฤติกรรมการออกกำลังกายของนักเรียนชั้นมัธยมศึกษาตอนปลาย/^cปริทรรศน์ วันจันทร์
260    นครสวรรค์ :^bวิทยาลัยพยาบาลบรมราชชนนี สวรรค์ประชารักษ์ นครสวรรค์,^c2548
300    92 หน้า
650  7 วิทยาลัยพยาบาลบรมราชชนนี สวรรค์ประชารักษ์ นครสวรรค์
650  7 การออกกำลังกาย^xวิจัย
945    ^p0^l0^i019164
945    ^p0^l0^i019165
945    ^p0^l0^i019166
945    ^p0^l0^i020414
945    ^p0^l0^i023508
945    ^p0^l0^i026504
945    ^p0^l0^i031704
945    ^p0^l0^i032838
945    ^p0^l0^i032864
995    ทศพร
999 ^a ใช้งานได้ทุกระบบ
รายการนี้ยังไม่มีแท็ก
คุณยังไม่ได้ล็อกอิน คุณสามารถมีกิจกรรมร่วมกับเว็บไซต์ได้ แต่ต้องล็อกอินก่อน ::
  ล็อกอิน

รายการสื่อสารสนเทศ

ลำดับที่ ประเภท เลขเรียก/บาร์โค้ด สถานที่ สถานะ
1. งานวิจัย
งานวิจัย
วจ.QT255 ป478ป  
  Barcode: 032864
ห้องสมุดวิทยาเขตสวรรค์ประชารักษ์
►วิจัย
บนชั้น
2. งานวิจัย
งานวิจัย
วจ.QT255 ป478ป ฉ.7 
  Barcode: 031704
ห้องสมุดวิทยาเขตสวรรค์ประชารักษ์
►วิจัย
บนชั้น
3. งานวิจัย
งานวิจัย
วจ.QT255 ป478ป ฉ.8 
  Barcode: 032838
ห้องสมุดวิทยาเขตสวรรค์ประชารักษ์
►วิจัย
บนชั้น

รายการใกล้เคียง
    ผู้แต่ง [ปริทรรศน์ วันจันทร์]

    หัวเรื่อง [วิทยาลัยพยาบาลบรมราชชนนี สวรรค์ประชารักษ์ นครสวรรค์]

BibComment


ยังไม่เคยถูกคอมเมนท์

คอมเมนท์ทรัพยากรรายการนี้
  คอมเมนท์: ปัจจัยที่มีอิทธิพ..


 Copyright 2026. Bcnsprnw @Library